[Event "British Chess Championships 2023: Major Open"]
[Site "The Venue, De Montfort University, 20 Western Boulevard, Leicester, LE2 7BU"]
[Date "2023.07.27"]
[Round "6"]
[Board "4"]
[White "Dilley, Jason M"]
[Black "Sanger, Jake M"]
[Result "0-1"]
[WhiteElo "2034"]
[BlackElo "1933"]
[PlyCount "0"]
[EventDate "2023.07.22"]
[EventRounds "9"]
[EventCountry "ENG"]

1. d4 {[%clk 1:30:56]} Nf6 {[%clk 1:30:54]} 2. Bg5 {[%clk 1:31:16]} d5 {[%clk
1:31:18]} 3. Bxf6 {[%clk 1:31:39]} gxf6 {[%clk 1:31:43]} 4. e3 {[%clk 1:31:42]}
c5 {[%clk 1:32:06]} 5. Nf3 {[%clk 1:25:34]} Nc6 {[%clk 1:30:45]} 6. Nc3 {[%clk
1:23:18]} e6 {[%clk 1:29:15]} 7. Qd2 {[%clk 1:19:28]} f5 {[%clk 1:20:10]} 8. a3
{[%clk 1:09:42]} a6 {[%clk 1:08:25]} 9. dxc5 {[%clk 1:06:23]} Bxc5 {[%clk
1:08:28]} 10. Rd1 {[%clk 1:05:46]} Qf6 {[%clk 0:58:06]} 11. Na4 {[%clk 1:01:34]}
Ba7 {[%clk 0:56:02]} 12. c4 {[%clk 0:53:24]} dxc4 {[%clk 0:55:57]} 13. Bxc4
{[%clk 0:52:04]} O-O {[%clk 0:55:47]} 14. Be2 {[%clk 0:50:42]} b5 {[%clk
0:38:50]} 15. Qc3 {[%clk 0:45:35]} Qxc3+ {[%clk 0:39:13]} 16. Nxc3 {[%clk
0:46:00]} Rb8 {[%clk 0:34:08]} 17. b4 {[%clk 0:41:48]} Bb7 {[%clk 0:34:12]} 18.
O-O {[%clk 0:41:46]} Rfd8 {[%clk 0:33:46]} 19. Rxd8+ {[%clk 0:37:34]} Rxd8 {[%clk
0:34:05]} 20. Rd1 {[%clk 0:37:58]} Rxd1+ {[%clk 0:34:15]} 21. Nxd1 {[%clk
0:37:27]} Kg7 {[%clk 0:28:52]} 22. Kf1 {[%clk 0:37:47]} Kf6 {[%clk 0:28:27]} 23.
Ke1 {[%clk 0:35:53]} Bb8 {[%clk 0:22:36]} 24. g3 {[%clk 0:32:24]} e5 {[%clk
0:18:33]} 25. Nd2 {[%clk 0:24:29]} e4 {[%clk 0:13:58]} 26. Nc3 {[%clk 0:22:54]}
Ke5 {[%clk 0:12:37]} 27. Bh5 {[%clk 0:20:21]} Ke6 {[%clk 0:07:45]} 28. Nb3 {[%clk
0:19:25]} Ba7 {[%clk 0:07:03]} 29. Be2 {[%clk 0:13:31]} Bc8 {[%clk 0:06:12]} 30.
Kd2 {[%clk 0:10:22]} Ke5 {[%clk 0:05:03]} 31. Bf1 {[%clk 0:09:42]} Be6 {[%clk
0:04:26]} 32. Na1 {[%clk 0:09:31]} Bb8 {[%clk 0:04:03]} 33. Nc2 {[%clk 0:06:04]}
Bb3 {[%clk 0:03:43]} 34. Na1 {[%clk 0:05:01]} Be6 {[%clk 0:04:09]} 35. Nc2 {[%clk
0:03:44]} Bd6 {[%clk 0:04:12]} 36. Ne2 {[%clk 0:03:52]} Bc4 {[%clk 0:04:11]} 37.
Bh3 {[%clk 0:04:15]} Be6 {[%clk 0:02:52]} 38. Ned4 {[%clk 0:04:08]} Ne7 {[%clk
0:02:30]} 39. Bf1 {[%clk 0:03:29]} Bd7 {[%clk 0:01:56]} 40. Be2 {[%clk 0:03:27]}
Nc8 {[%clk 0:01:09]} 41. Bh5 {[%clk 0:26:23]} Kf6 {[%clk 0:29:03]} 42. f4 {[%clk
0:26:26]} Nb6 {[%clk 0:26:05]} 43. Be2 {[%clk 0:26:37]} Nd5 {[%clk 0:19:29]} 44.
Bf1 {[%clk 0:25:17]} Be6 {[%clk 0:14:59]} 45. Bg2 {[%clk 0:23:29]} Nb6 {[%clk
0:14:31]} 46. Kc3 {[%clk 0:18:58]} Na4+ {[%clk 0:13:33]} 47. Kd2 {[%clk 0:19:22]}
Nb6 {[%clk 0:10:53]} 48. Kc3 {[%clk 0:19:39]} h6 {[%clk 0:11:07]} 49. Bf1 {[%clk
0:17:12]} Bc7 {[%clk 0:10:12]} 50. Bg2 {[%clk 0:14:41]} Nc4 {[%clk 0:07:59]} 51.
Bf1 {[%clk 0:15:01]} Nd6 {[%clk 0:07:37]} 52. Bh3 {[%clk 0:13:19]} Bb6 {[%clk
0:07:31]} 53. Bf1 {[%clk 0:12:46]} Bd5 {[%clk 0:06:11]} 54. Bh3 {[%clk 0:13:03]}
Bc4 {[%clk 0:05:04]} 55. Nc6 {[%clk 0:11:25]} Bd3 {[%clk 0:03:40]} 56. N2d4
{[%clk 0:08:05]} Nc4 {[%clk 0:02:53]} 57. Nxf5 {[%clk 0:07:57]} Nxe3 {[%clk
0:02:28]} 58. Nxh6 {[%clk 0:06:50]} Bf1 {[%clk 0:01:31]} 59. Bxf1 {[%clk
0:05:28]} Nxf1 {[%clk 0:01:57]} 60. Ne5 {[%clk 0:05:46]} Bg1 {[%clk 0:01:41]} 61.
Nhxf7 {[%clk 0:05:07]} Bxh2 {[%clk 0:01:04]} 62. Nd6 {[%clk 0:04:31]} Nxg3 {[%clk
0:00:39]} 63. Ng4+ {[%clk 0:04:06]} Ke6 {[%clk 0:01:03]} 64. Nxh2 {[%clk
0:04:20]} Kxd6 {[%clk 0:01:27]} 65. Kd4 {[%clk 0:04:41]} Ke6 {[%clk 0:00:38]} 66.
Ng4 {[%clk 0:03:11]} Kf5 {[%clk 0:01:01]} 67. Ne3+ {[%clk 0:03:18]} Kxf4 {[%clk
0:01:25]} 68. Nd5+ {[%clk 0:03:23]} Kf3 {[%clk 0:01:37]} 69. Kc5 {[%clk 0:03:21]}
e3 {[%clk 0:01:09]} 70. Nxe3 {[%clk 0:02:55]} Kxe3 {[%clk 0:01:34]} 71. Kb6
{[%clk 0:03:25]} Ne4 {[%clk 0:01:52]} 72. Kxa6 {[%clk 0:03:49]} Nc3 {[%clk
0:02:13]} 73. Kb6 {[%clk 0:02:40]} Kd4 {[%clk 0:02:33]} 74. Kc6 {[%clk 0:03:06]}
Kc4 {[%clk 0:02:57]}  0-1

[Event "British Chess Championships 2023: Major Open"]
[Site "The Venue, De Montfort University, 20 Western Boulevard, Leicester, LE2 7BU"]
[Date "2023.07.27"]
[Round "6"]
[Board "5"]
[White "Patel, Zain"]
[Black "Nelson, Jonathan P"]
[Result "1/2-1/2"]
[WhiteElo "1910"]
[BlackElo "2175"]
[PlyCount "0"]
[EventDate "2023.07.22"]
[EventRounds "9"]
[EventCountry "ENG"]

1. d4 {[%clk 1:30:53]} Nf6 {[%clk 1:30:44]} 2. Nf3 {[%clk 1:30:58]} d6 {[%clk
1:30:52]} 3. c4 {[%clk 1:30:38]} Nbd7 {[%clk 1:30:55]} 4. Nc3 {[%clk 1:29:52]} e5
{[%clk 1:31:18]} 5. e4 {[%clk 1:28:32]} Be7 {[%clk 1:31:34]} 6. Be2 {[%clk
1:27:58]} O-O {[%clk 1:31:55]} 7. O-O {[%clk 1:27:45]} c6 {[%clk 1:32:05]} 8. h3
{[%clk 1:24:19]} a6 {[%clk 1:25:54]} 9. a3 {[%clk 1:10:21]} Qc7 {[%clk 1:21:44]}
10. Be3 {[%clk 1:10:03]} b6 {[%clk 1:21:25]} 11. Rc1 {[%clk 1:04:50]} Bb7 {[%clk
1:01:06]} 12. b4 {[%clk 0:48:47]} Rfe8 {[%clk 0:58:41]} 13. Nd2 {[%clk 0:41:03]}
exd4 {[%clk 0:46:55]} 14. Bxd4 {[%clk 0:37:54]} a5 {[%clk 0:45:17]} 15. b5 {[%clk
0:34:19]} c5 {[%clk 0:39:27]} 16. Be3 {[%clk 0:34:06]} Bf8 {[%clk 0:39:50]} 17.
f4 {[%clk 0:29:10]} d5 {[%clk 0:25:09]} 18. cxd5 {[%clk 0:28:20]} Nxd5 {[%clk
0:24:50]} 19. Nxd5 {[%clk 0:27:14]} Bxd5 {[%clk 0:25:03]} 20. exd5 {[%clk
0:23:17]} Rxe3 {[%clk 0:25:27]} 21. Nc4 {[%clk 0:23:29]} Re4 {[%clk 0:24:21]} 22.
Bg4 {[%clk 0:22:33]} Rd8 {[%clk 0:16:10]} 23. Bxd7 {[%clk 0:16:09]} Rxd7 {[%clk
0:14:36]} 24. Ne5 {[%clk 0:16:14]} Rd4 {[%clk 0:11:56]} 25. Qxd4 {[%clk 0:16:00]}
cxd4 {[%clk 0:12:24]} 26. Rxc7 {[%clk 0:16:17]} Rxc7 {[%clk 0:12:51]} 27. a4
{[%clk 0:13:54]} f6 {[%clk 0:11:39]} 28. Nc6 {[%clk 0:12:55]} Rd7 {[%clk
0:11:44]} 29. Rd1 {[%clk 0:12:28]} Rxd5 {[%clk 0:11:48]} 30. Kf2 {[%clk 0:12:28]}
Bc5 {[%clk 0:09:51]} 31. Ke2 {[%clk 0:12:05]} g5 {[%clk 0:09:36]} 32. fxg5 {[%clk
0:12:00]} Rxg5 {[%clk 0:09:55]} 33. Kf3 {[%clk 0:12:11]} Rf5+ {[%clk 0:05:49]}
34. Ke4 {[%clk 0:12:30]}  1/2-1/2

[Event "British Chess Championships 2023: Major Open"]
[Site "The Venue, De Montfort University, 20 Western Boulevard, Leicester, LE2 7BU"]
[Date "2023.07.27"]
[Round "6"]
[Board "6"]
[White "Gopakumar, Siddharth"]
[Black "Sugden, John N"]
[Result "0-1"]
[WhiteElo "1888"]
[BlackElo "1977"]
[PlyCount "0"]
[EventDate "2023.07.22"]
[EventRounds "9"]
[EventCountry "ENG"]

1. e4 {[%clk 1:30:51]} c6 {[%clk 1:30:28]} 2. d4 {[%clk 1:31:10]} d5 {[%clk
1:30:50]} 3. e5 {[%clk 1:31:15]} c5 {[%clk 1:30:32]} 4. Nf3 {[%clk 1:31:33]} Nc6
{[%clk 1:26:56]} 5. dxc5 {[%clk 1:31:57]} e6 {[%clk 1:25:06]} 6. Be3 {[%clk
1:29:37]} Nge7 {[%clk 1:23:37]} 7. c4 {[%clk 1:25:40]} Nf5 {[%clk 1:17:51]} 8.
Bf4 {[%clk 1:15:26]} Bxc5 {[%clk 1:11:07]} 9. Nc3 {[%clk 1:09:17]} O-O {[%clk
1:03:26]} 10. Bd3 {[%clk 0:58:35]} dxc4 {[%clk 0:53:35]} 11. Bxc4 {[%clk
0:57:48]} Qb6 {[%clk 0:51:46]} 12. O-O {[%clk 0:52:22]} Qxb2 {[%clk 0:44:09]} 13.
Na4 {[%clk 0:40:33]} Qb4 {[%clk 0:40:40]} 14. Rc1 {[%clk 0:40:21]} Bb6 {[%clk
0:37:34]} 15. Bd2 {[%clk 0:39:44]} Qe7 {[%clk 0:36:02]} 16. Nxb6 {[%clk 0:39:40]}
axb6 {[%clk 0:36:16]} 17. Qb3 {[%clk 0:39:38]} Qc7 {[%clk 0:26:15]} 18. Rfe1
{[%clk 0:31:03]} Bd7 {[%clk 0:24:17]} 19. g4 {[%clk 0:24:23]} Nfe7 {[%clk
0:15:55]} 20. h4 {[%clk 0:21:36]} Na5 {[%clk 0:10:23]} 21. Bxa5 {[%clk 0:18:35]}
Rxa5 {[%clk 0:09:34]} 22. Bxe6 {[%clk 0:18:51]} Rc5 {[%clk 0:08:48]} 23. Bxf7+
{[%clk 0:10:05]} Rxf7 {[%clk 0:04:16]} 24. Ng5 {[%clk 0:10:32]} Be8 {[%clk
0:04:04]} 25. Ne6 {[%clk 0:10:44]} Rxc1 {[%clk 0:02:58]} 26. Nxc7 {[%clk
0:11:10]} Rxe1+ {[%clk 0:03:22]} 27. Kh2 {[%clk 0:11:38]} Bc6 {[%clk 0:02:55]}
28. f4 {[%clk 0:11:08]} Re4 {[%clk 0:01:58]} 29. Kg3 {[%clk 0:10:46]} Rxf4 {[%clk
0:02:04]} 30. Qxb6 {[%clk 0:09:54]} Rf3+ {[%clk 0:02:23]} 31. Kh2 {[%clk
0:10:20]} Rf2+ {[%clk 0:02:39]}  0-1

[Event "British Chess Championships 2023: Major Open"]
[Site "The Venue, De Montfort University, 20 Western Boulevard, Leicester, LE2 7BU"]
[Date "2023.07.27"]
[Round "6"]
[Board "7"]
[White "Raju, Sooraj Menothuparambil"]
[Black "Rathbone-Jones, Ifan"]
[Result "1-0"]
[WhiteElo "1861"]
[BlackElo "1925"]
[PlyCount "51"]
[EventDate "2023.07.22"]
[EventRounds "9"]
[EventCountry "ENG"]

1. e4 d5 2. exd5 Nf6 3. Bb5+ Bd7 4. Bc4 b5 5. Bb3 Bg4 6. f3 Bc8 7. Qe2 a6 8. a4
b4 9. d4 Nxd5 10. Nd2 e6 11. Ne4 Nc6 12. Qd3 f5 13. Ne2 fxe4 14. fxe4 Nf6 15.
O-O Be7 16. e5 Nd5 17. Qf3 Bb7 18. Qf7+ Kd7 19. Bxd5 exd5 20. Qf5+ Ke8 21. Bg5
Rf8 22. Qe6 Qc8 23. Rxf8+ Kxf8 24. Rf1+ Bf6 25. Rxf6+ gxf6 26. Bh6#  1-0

[Event "British Chess Championships 2023: Major Open"]
[Site "The Venue, De Montfort University, 20 Western Boulevard, Leicester, LE2 7BU"]
[Date "2023.07.27"]
[Round "6"]
[Board "8"]
[White "Dougherty, Michael"]
[Black "Arora, Tashika"]
[Result "1/2-1/2"]
[WhiteElo "2110"]
[BlackElo "1836"]
[PlyCount "70"]
[EventDate "2023.07.22"]
[EventRounds "9"]
[EventCountry "ENG"]

1. e4 e5 2. Bc4 Nf6 3. d4 exd4 4. Nf3 d6 5. O-O Be7 6. Nxd4 Nxe4 7. Qf3 d5 8.
Re1 O-O 9. Bxd5 Qxd5 10. Rxe4 Bf6 11. Nc3 Qd7 12. Be3 Nc6 13. Rd1 Bxd4 14. Bxd4
Qf5 15. Qg3 Nxd4 16. Rdxd4 c6 17. h3 Be6 18. Rg4 Qf6 19. Rd6 Rad8 20. Rgd4 Rxd6
21. Qxd6 Qg6 22. Ne4 Bf5 23. Qe7 Bxe4 24. Rxe4 f5 25. Re6 Qf7 26. f4 Qxe7 27.
Rxe7 Rf7 28. Re8+ Rf8 29. Re5 g6 30. Kf2 Kf7 31. Ke3 Rd8 32. a4 b6 33. g4 Kf6
34. a5 c5 35. b4 c4  1/2-1/2

[Event "British Chess Championships 2023: Major Open"]
[Site "The Venue, De Montfort University, 20 Western Boulevard, Leicester, LE2 7BU"]
[Date "2023.07.27"]
[Round "6"]
[Board "9"]
[White "Banerjee, Supratit"]
[Black "Farrand, Tom"]
[Result "1/2-1/2"]
[WhiteElo "1895"]
[BlackElo "2110"]
[PlyCount "117"]
[EventDate "2023.07.22"]
[EventRounds "9"]
[EventCountry "ENG"]

1. e4 c5 2. c3 Nf6 3. e5 Nd5 4. d4 cxd4 5. cxd4 e6 6. Nf3 d6 7. Bc4 Nc6 8. O-O
Be7 9. exd6 Bxd6 10. Nc3 O-O 11. Bd3 Be7 12. Re1 Nxc3 13. bxc3 Bf6 14. Qc2 h6
15. Bf4 Qa5 16. Ne5 Nxe5 17. dxe5 Be7 18. Rad1 Rd8 19. Bh7+ Kf8 20. Be4 Kg8 21.
Rxd8+ Qxd8 22. Rd1 Qc7 23. Qd2 Kf8 24. Bf3 Rb8 25. Be2 b5 26. Be3 a6 27. Bf3
Ke8 28. Qd4 Bb7 29. Bxb7 Qxb7 30. Qg4 Kf8 31. h3 Qc6 32. Bd4 Rd8 33. Qe2 Rd5
34. Qc2 Kg8 35. Rd3 a5 36. Qe2 Qc4 37. Rd2 Qxe2 38. Rxe2 a4 39. Rb2 b4 40. Kf1
f6 41. exf6 gxf6 42. Ke2 e5 43. Be3 bxc3 44. Rc2 Bb4 45. Bxh6 f5 46. g3 Kf7 47.
Be3 e4 48. g4 Kg6 49. gxf5+ Kxf5 50. Bc1 Rd3 51. Be3 Ba3 52. h4 Bb2 53. h5 Rd7
54. a3 Rb7 55. Bc5 Rb3 56. h6 Kg6 57. Ke3 Bxa3 58. Bxa3 Rxa3 59. Kxe4  1/2-1/2

[Event "British Chess Championships 2023: Major Open"]
[Site "The Venue, De Montfort University, 20 Western Boulevard, Leicester, LE2 7BU"]
[Date "2023.07.27"]
[Round "6"]
[Board "10"]
[White "Atako, Chino C"]
[Black "Bedi, Adam"]
[Result "1-0"]
[WhiteElo "2009"]
[BlackElo "1791"]
[PlyCount "57"]
[EventDate "2023.07.22"]
[EventRounds "9"]
[EventCountry "ENG"]

1. e4 c5 2. Nc3 e6 3. g3 Nc6 4. Bg2 Nf6 5. f4 d5 6. e5 Nd7 7. Nf3 a6 8. a4 b6
9. O-O Bb7 10. d3 Qc7 11. f5 Ndxe5 12. Nxe5 Nxe5 13. fxe6 fxe6 14. Bf4 Bd6 15.
Qe2 O-O-O 16. Rae1 Nd7 17. Qxe6 Bxf4 18. Rxf4 d4 19. Nd5 Bxd5 20. Qxd5 Nf6 21.
Qa8+ Qb8 22. Bh3+ Nd7 23. Qxa6+ Qb7 24. Qxb7+ Kxb7 25. Rf7 Kc6 26. Rxg7 Kd6 27.
Re6+ Kd5 28. Rg5+ Ne5 29. Rgxe5#  1-0

[Event "British Chess Championships 2023: Major Open"]
[Site "The Venue, De Montfort University, 20 Western Boulevard, Leicester, LE2 7BU"]
[Date "2023.07.27"]
[Round "6"]
[Board "12"]
[White "Badacsonyi, Stanley"]
[Black "Rubeck, Jonathan"]
[Result "1-0"]
[WhiteElo "1976"]
[BlackElo "1760"]
[PlyCount "53"]
[EventDate "2023.07.22"]
[EventRounds "9"]
[EventCountry "ENG"]

1. d4 Nf6 2. Bg5 d5 3. Nd2 g6 4. Bxf6 exf6 5. e3 Bg7 6. c4 c6 7. cxd5 cxd5 8.
g3 O-O 9. Bg2 Nc6 10. Ne2 Bf5 11. O-O Bd3 12. Re1 Ba6 13. Nf4 Ne7 14. Qb3 Qa5
15. Red1 Rad8 16. Rac1 Rfe8 17. Rc5 Qb6 18. Nxd5 Nxd5 19. Bxd5 Bf8 20. Bxf7+
Kg7 21. Bxe8 Bxc5 22. Qf7+ Kh6 23. Ne4 Bxd4 24. Qf8+ Kh5 25. exd4 Rxd4 26.
Nxf6+ Kg5 27. h4+  1-0

[Event "British Chess Championships 2023: Major Open"]
[Site "The Venue, De Montfort University, 20 Western Boulevard, Leicester, LE2 7BU"]
[Date "2023.07.27"]
[Round "6"]
[Board "13"]
[White "Dicen, Elis Denele"]
[Black "Bennett, Max"]
[Result "1-0"]
[WhiteElo "1925"]
[BlackElo "1583"]
[PlyCount "109"]
[EventDate "2023.07.22"]
[EventRounds "9"]
[EventCountry "ENG"]

1. d4 e6 2. Nc3 Bb4 3. e4 d5 4. exd5 exd5 5. Bd3 Nf6 6. Nge2 O-O 7. O-O Bd6 8.
Bf4 Bxf4 9. Nxf4 Qd6 10. Qf3 c6 11. h3 Nbd7 12. Nce2 Re8 13. Ng3 Qb4 14. c3
Qxb2 15. Rfb1 Qa3 16. c4 Qa5 17. cxd5 Nxd5 18. Nf5 N7f6 19. Nd6 Re7 20. Nc4 Qc3
21. Ne2 Rxe2 22. Bxe2 b5 23. Ne5 Bb7 24. Rd1 Qa5 25. Rac1 Qb6 26. Nd3 Rd8 27.
Nc5 Bc8 28. a3 Ne7 29. Bd3 Kh8 30. Bb1 Qc7 31. Ba2 Ned5 32. Nd3 Bb7 33. Nc5 Bc8
34. Ne4 Bb7 35. Nxf6 Nxf6 36. Qf5 Rd6 37. Qxb5 Qd7 38. Qe5 Nd5 39. Bxd5 Rxd5
40. Qg3 h6 41. Rb1 Rg5 42. Qf3 Bc8 43. Kh1 Ba6 44. Rb8+ Bc8 45. Rc1 Rg6 46. d5
Qc7 47. Rb2 Bb7 48. Rbc2 Kh7 49. dxc6 Ba8 50. Qe4 Qa5 51. a4 f5 52. Qf3 Qxa4
53. Qxf5 Qh4 54. Rc4 Qe7 55. Rg4  1-0

[Event "British Chess Championships 2023: Major Open"]
[Site "The Venue, De Montfort University, 20 Western Boulevard, Leicester, LE2 7BU"]
[Date "2023.07.27"]
[Round "6"]
[Board "14"]
[White "Howell, Oliver W"]
[Black "Pink, Joshua"]
[Result "1/2-1/2"]
[WhiteElo "1799"]
[BlackElo "1890"]
[PlyCount "105"]
[EventDate "2023.07.22"]
[EventRounds "9"]
[EventCountry "ENG"]

1. Nf3 d6 2. c4 e5 3. g3 f5 4. d4 e4 5. Bg5 Be7 6. Bxe7 Qxe7 7. Nfd2 e3 8. fxe3
Qxe3 9. Nf3 Nf6 10. Qd2 Ng4 11. Qxe3+ Nxe3 12. Na3 Nc6 13. Kd2 Nxf1+ 14. Rhxf1
O-O 15. Nb5 Rf7 16. d5 Ne5 17. Nxe5 dxe5 18. e4 g6 19. Rae1 Re7 20. c5 b6 21.
c6 Ba6 22. a4 fxe4 23. Ke3 Bc8 24. Nc3 Ba6 25. Rf2 Bc4 26. Kxe4 Rd8 27. Rd1 a6
28. Rb1 Bb3 29. Ra1 b5 30. axb5 axb5 31. Rd2 Bc4 32. Ra7 Rf7 33. Ke3 b4 34. Ne4
Rxd5 35. Ra8+ Kg7 36. Re8 Rxd2 37. Kxd2 Bd5 38. Rxe5 Bxc6 39. Ke3 Kf8 40. Rc5
Bxe4 41. Kxe4 Rf2 42. b3 Rb2 43. Rxc7 Kg8 44. Rb7 Rxb3 45. Kf4 Rb2 46. h4 Rb3
47. g4 h6 48. h5 g5+ 49. Kf5 Ra3 50. Rxb4 Ra5+ 51. Ke4 Ra6 52. Rb5 Rf6 53. Rf5
 1/2-1/2

[Event "British Chess Championships 2023: Major Open"]
[Site "The Venue, De Montfort University, 20 Western Boulevard, Leicester, LE2 7BU"]
[Date "2023.07.27"]
[Round "6"]
[Board "15"]
[White "Lee, Alexandre Km"]
[Black "Mikalajunas, Kajus"]
[Result "0-1"]
[WhiteElo "1693"]
[BlackElo "1881"]
[PlyCount "96"]
[EventDate "2023.07.22"]
[EventRounds "9"]
[EventCountry "ENG"]

1. e4 d5 2. exd5 Nf6 3. Nf3 Qxd5 4. Be2 Bg4 5. d4 Nc6 6. Be3 O-O-O 7. Nbd2 e5
8. c4 Qa5 9. d5 Bxf3 10. Bxf3 Nd4 11. O-O Nxf3+ 12. Nxf3 Bd6 13. a3 Qa6 14. Qc2
Rde8 15. b4 e4 16. Nd4 Ng4 17. h3 Nxe3 18. fxe3 Be5 19. Ra2 Qg6 20. Qf2 Bxd4
21. exd4 e3 22. Qf3 Qd3 23. Re2 Qxc4 24. Rfe1 Qxd4 25. Rxe3 Rxe3 26. Rxe3 Re8
27. Kf2 Qd2+ 28. Re2 Rxe2+ 29. Qxe2 Qxe2+ 30. Kxe2 Kd7 31. Kd3 Kd6 32. Ke4 b5
33. g4 g6 34. g5 Ke7 35. Ke5 f5 36. gxf6+ Kf7 37. Kd4 Kxf6 38. Kc5 a6 39. Kc6
Ke5 40. Kxc7 Kxd5 41. Kb6 g5 42. Kxa6 Kc6 43. a4 bxa4 44. b5+ Kc7 45. Ka7 a3
46. b6+ Kc6 47. b7 a2 48. b8=Q a1=Q#  0-1

[Event "British Chess Championships 2023: Major Open"]
[Site "The Venue, De Montfort University, 20 Western Boulevard, Leicester, LE2 7BU"]
[Date "2023.07.27"]
[Round "6"]
[Board "16"]
[White "Rida, Ruqayyah"]
[Black "Brown, Tom"]
[Result "1/2-1/2"]
[WhiteElo "1828"]
[BlackElo "1959"]
[PlyCount "90"]
[EventDate "2023.07.22"]
[EventRounds "9"]
[EventCountry "ENG"]

1. e4 c6 2. d4 d5 3. Nd2 dxe4 4. Nxe4 Nd7 5. Ng5 Ngf6 6. Bd3 e6 7. N1f3 Bd6 8.
Qe2 h6 9. Ne4 Nxe4 10. Qxe4 Nf6 11. Qe2 Qc7 12. c4 b6 13. O-O Bb7 14. Re1 O-O
15. h3 c5 16. Bd2 Rfd8 17. Bc3 cxd4 18. Bxd4 Qe7 19. a3 Rac8 20. Rad1 Bc5 21.
Bc3 a5 22. Rd2 Kh8 23. Red1 Bxf3 24. Qxf3 Bd4 25. Be2 Bxc3 26. Qxc3 Ne4 27.
Rxd8+ Rxd8 28. Rxd8+ Qxd8 29. Qe3 Nf6 30. b4 axb4 31. axb4 Qc7 32. Bd3 Kg8 33.
Qf3 Qc8 34. Qf4 Qd8 35. Be2 Kf8 36. Qc1 Qd4 37. Bf3 Nd7 38. Be2 Nf6 39. Qe3
Qxe3 40. fxe3 Nd7 41. Kf1 Ke7 42. Ke1 Kd6 43. Kd2 f5 44. Bd3 g5 45. g3 Ke5
 1/2-1/2

[Event "British Chess Championships 2023: Major Open"]
[Site "The Venue, De Montfort University, 20 Western Boulevard, Leicester, LE2 7BU"]
[Date "2023.07.27"]
[Round "6"]
[Board "17"]
[White "Rice, Chris B"]
[Black "Subramanian, Anusha"]
[Result "0-1"]
[WhiteElo "1892"]
[BlackElo "1818"]
[PlyCount "126"]
[EventDate "2023.07.22"]
[EventRounds "9"]
[EventCountry "ENG"]

1. d4 Nf6 2. Nf3 d5 3. c4 e6 4. cxd5 exd5 5. Nc3 c6 6. Qc2 Be7 7. Bg5 h6 8. Bh4
O-O 9. e3 Ne4 10. Bg3 Bb4 11. Bd3 f5 12. O-O Nd7 13. Ne5 Qe8 14. Nxe4 dxe4 15.
Bxe4 Nxe5 16. Bxe5 Be6 17. Bd3 Be7 18. Bc4 Bxc4 19. Qxc4+ Kh7 20. Rac1 h5 21.
a4 h4 22. h3 g5 23. d5 Rc8 24. d6 Bf6 25. Bxf6 Rxf6 26. Qd4 Qf7 27. Rfd1 Rd8
28. Qxa7 Rfxd6 29. Rxd6 Rxd6 30. Qc5 Rd5 31. Qc3 Qd7 32. Qf6 Qd8 33. Qxd8 Rxd8
34. Kf1 Rd2 35. b3 Rb2 36. Rc3 Kg6 37. a5 Kh5 38. Rc5 Kg6 39. a6 Rxb3 40. axb7
Rxb7 41. Rxc6+ Kh5 42. Rc5 Kg6 43. Rc2 g4 44. Ke2 Rb1 45. Rc6+ Kg5 46. f4+ Kh5
47. hxg4+ fxg4 48. Rc8 Rb2+ 49. Kd3 Rb3+ 50. Kd2 Rb2+ 51. Kc3 Rb6 52. Kd3 h3
53. gxh3 gxh3 54. Rc5+ Kh4 55. Rc8 Rh6 56. f5 h2 57. Rc1 Kg3 58. Rh1 Kg2 59.
Rxh2+ Kxh2 60. Ke4 Kg3 61. Ke5 Kg4 62. f6 Kg5 63. f7 Rf6  0-1

[Event "British Chess Championships 2023: Major Open"]
[Site "The Venue, De Montfort University, 20 Western Boulevard, Leicester, LE2 7BU"]
[Date "2023.07.27"]
[Round "6"]
[Board "18"]
[White "Foster, Timothy"]
[Black "Turner, Lewis A"]
[Result "0-1"]
[WhiteElo "1874"]
[BlackElo "1803"]
[PlyCount "78"]
[EventDate "2023.07.22"]
[EventRounds "9"]
[EventCountry "ENG"]

1. e4 c5 2. Nf3 g6 3. d4 cxd4 4. Qxd4 Nf6 5. Nc3 Nc6 6. Qa4 d6 7. e5 dxe5 8.
Nxe5 Bg7 9. Bb5 O-O 10. Nxc6 bxc6 11. Bxc6 Rb8 12. O-O Qc7 13. Bf3 Bd7 14. Qa3
Bf5 15. Bg5 e6 16. Rad1 Rfc8 17. h3 Nd7 18. Qe7 Ne5 19. Rd8+ Qxd8 20. Qxd8+
Rxd8 21. Bxd8 Nxf3+ 22. gxf3 Rxd8 23. Ne4 Bxh3 24. Re1 Bxb2 25. Rb1 Be5 26. Ng5
Bf5 27. Rb7 Rf8 28. Rxa7 Bxc2 29. a4 h6 30. Ne4 Bxe4 31. fxe4 Rb8 32. Kg2 Rb2
33. Ra8+ Kg7 34. a5 Bd4 35. Kg3 Bxf2+ 36. Kf3 Bd4 37. a6 Ra2 38. e5 Bxe5 39. a7
Bd4  0-1

[Event "British Chess Championships 2023: Major Open"]
[Site "The Venue, De Montfort University, 20 Western Boulevard, Leicester, LE2 7BU"]
[Date "2023.07.27"]
[Round "6"]
[Board "19"]
[White "Larkin, Benjamin"]
[Black "Honey, Luke"]
[Result "0-1"]
[WhiteElo "1850"]
[BlackElo "1730"]
[PlyCount "38"]
[EventDate "2023.07.22"]
[EventRounds "9"]
[EventCountry "ENG"]

1. e4 c6 2. Nc3 d5 3. d4 dxe4 4. Nxe4 Nf6 5. Nxf6+ exf6 6. c3 Bd6 7. Bd3 O-O 8.
Qc2 Re8+ 9. Ne2 f5 10. Bxf5 Bxf5 11. Qxf5 Nd7 12. Be3 Nb6 13. O-O Nc4 14. b3 g6
15. Qf3 Nxe3 16. fxe3 f5 17. Rae1 Re4 18. Nf4 Qa5 19. c4 Bxf4  0-1

[Event "British Chess Championships 2023: Major Open"]
[Site "The Venue, De Montfort University, 20 Western Boulevard, Leicester, LE2 7BU"]
[Date "2023.07.27"]
[Round "6"]
[Board "20"]
[White "Gibson, Christopher A"]
[Black "Babu, Rahul"]
[Result "0-1"]
[WhiteElo "1820"]
[BlackElo "1846"]
[PlyCount "90"]
[EventDate "2023.07.22"]
[EventRounds "9"]
[EventCountry "ENG"]

1. e4 c5 2. c3 Nf6 3. e5 Nd5 4. Nf3 e6 5. Bc4 d6 6. d4 cxd4 7. cxd4 Be7 8. O-O
O-O 9. Qe2 b6 10. Qe4 Ba6 11. b3 dxe5 12. dxe5 Bxc4 13. bxc4 Nc7 14. Ba3 Nba6
15. Bxe7 Qxe7 16. Nc3 Rfd8 17. Rfd1 h6 18. h3 Qb4 19. Ne2 Nd5 20. Qh4 Ne7 21.
Ng3 Rdc8 22. Rd4 Ng6 23. Qe4 Nc5 24. Qe2 Rd8 25. Rad1 Rxd4 26. Rxd4 Rc8 27. Qd1
Qb2 28. Rd8+ Rxd8 29. Qxd8+ Nf8 30. Nd4 Qxa2 31. Nc6 Ncd7 32. Qe8 Kh7 33. Qxf7
Qb1+ 34. Kh2 Qg6 35. Qe7 a5 36. h4 Kg8 37. h5 Qf7 38. Qd6 Qxf2 39. Ne7+ Kf7 40.
Ng6 Qc5 41. Qd2 Nxg6 42. hxg6+ Ke7 43. Qf4 Qxe5 44. Qf3 Qf6 45. Qc6 Qh4+  0-1

[Event "British Chess Championships 2023: Major Open"]
[Site "The Venue, De Montfort University, 20 Western Boulevard, Leicester, LE2 7BU"]
[Date "2023.07.27"]
[Round "6"]
[Board "21"]
[White "Freeman, Ashley"]
[Black "Wilkinson, Daniel"]
[Result "0-1"]
[WhiteElo "1846"]
[BlackElo "1712"]
[PlyCount "64"]
[EventDate "2023.07.22"]
[EventRounds "9"]
[EventCountry "ENG"]

1. e4 d6 2. d4 Nf6 3. Nc3 g6 4. f4 Bg7 5. Nf3 O-O 6. Bd3 Nc6 7. O-O e5 8. d5
Ne7 9. Qe1 c6 10. fxe5 dxe5 11. dxc6 Nxc6 12. Qh4 Be6 13. Ng5 h5 14. Nxe6 fxe6
15. Bg5 Qd4+ 16. Qf2 Nh7 17. Be3 Rxf2 18. Bxd4 Rxf1+ 19. Rxf1 exd4 20. Nb5 Rd8
21. Bc4 Nf8 22. Nc7 Rd6 23. Ne8 Rd7 24. g3 a6 25. a4 Be5 26. Kg2 Re7 27. Nf6+
Bxf6 28. Rxf6 Kg7 29. Rf2 Nd7 30. Rd2 Nc5 31. b4 Nxe4 32. Re2 Nc3  0-1